000 00871nam a22002177a 4500
999 _c16199
_d16199
003 AR-CdUCM
008 190502b ||||| |||| 00| 0 spa d
040 _aMUNICIPALIDAD PROVINCIAL DEL CUSCO
_cBIBLIOTECA MUNICIPAL DEL CUSCO
082 _a630.985 /
_bG71
100 _aGonzález Tafur, Oswaldo B.
_97655
245 _aLa agricultura peruana :
_bProblemas y posibilidades /
260 _aLima :
_bEdit. Impr. Amauta,
_c1964.
300 _a312 paginas ;
_c22 cm.
505 _aContenido :La historia agrícola y sus enseñanzas --Consideraciones sobre la evolución de nuestra agricultura --Compulsando situaciones de nuestra agricultura --Enseñanzas sobre el desarrollo agrícola peruano ...
650 _aAgricultura
_9320
650 _aEstado
_9738
650 _aAlimentación
_919429
650 _aPerú
_935
942 _2ddc
_cLIBROS
945 _arjall
_d2019-05-02